| 000 | 00713nam a22002057a 4500 | ||
|---|---|---|---|
| 999 |
_c7209 _d7209 |
||
| 003 | AR-CdUCM | ||
| 008 | 190320b ||||| |||| 00| 0 spa d | ||
| 040 |
_aMUNICIPALIDAD PROVINCIAL DEL CUSCO _cBIBLIOTECA MUNICIPAL DEL CUSCO |
||
| 082 |
_a630 / _bAL44 |
||
| 110 |
_aMensajero Agrícola S. A, _920279 |
||
| 245 | _aAlmanaque agropecuario del Perú 1965 / | ||
| 260 |
_aPerú : _bMensajero agricola, _c1964.. |
||
| 300 |
_a297 paginas , _bIlustraciones, _c29 cm. |
||
| 505 | _aSuelos -- Cultivos --Vida rural -- Sanidad vegetal -- Mecanización agrícola... | ||
| 650 |
_aOrganismos agricolas _920324 |
||
| 650 |
_aGranja lechera _920325 |
||
| 650 |
_aVeterinaria _919735 |
||
| 942 |
_2ddc _cLIBROS |
||
| 945 | _awnts | ||